000 01589nam a2200409 i 4500
001 33187
003 FINmELB
005 20241216220813.0
006 m o u
007 cr cn|||||||||
008 220819s2019 sp a ob 000 0 spa d
020 _a9788491816430
_q(digital)
020 _z9788491816423
_q(impreso)
035 _a(OCoLC)1342051064
040 _aFINmELB
_bspa
_erda
_cFINmELB
050 4 _aND623.L5
_bK467 2019
080 _a75
080 _a741
080 _a929
082 0 4 _a759.5
_223
100 1 _aKemp, Martin,
_eautor.
245 1 0 _aMi vida con Leonardo :
_bcincuenta años de cordura y de locura en el mundo del arte y más allá /
_cMartin Kemp ; traducción de Dulcinea Otero-Piñeiro.
264 1 _aMadrid :
_bAlianza Editorial,
_c2019.
300 _a1 recurso en línea (348 páginas) :
_bilustraciones
336 _atexto
_btxt
_2rdacontent/spa
337 _acomputadora
_bc
_2rdamedia/spa
338 _arecurso en línea
_bcr
_2rdacarrier/spa
504 _aBibliografía: páginas 331-333.
588 _aDescripción basada en metadatos suministrados por el editor y otras fuentes.
590 _aRecurso electrónico. Santa Fe, Arg.: elibro, 2022. Disponible vía World Wide Web. El acceso puede estar limitado para las bibliotecas afiliadas a elibro.
600 1 4 _aVinci, Leonardo da,
_d1452-1519.
650 4 _aPintura renacentista
_zItalia.
655 4 _aLibros electrónicos.
700 1 _aOtero-Piñeiro, Dulcinea,
_etraductor.
797 2 _aelibro, Corp.
856 4 0 _uhttps://elibro.net/ereader/politecnicointernacional/217904
999 _c33187
_d33187